000 00835nam a22002657a 4500
001 00114010
003 DO-SdBNP
005 20171109095220.0
007 00114010
008 160916b 2006 ag||||| |||| 00| 0 spa d
020 _a9507714413
040 _aBPMSU
_bspa
_cBPMSU
082 4 _a371.33
_bF954j
100 1 _aFuentes, Alberto
245 1 _aJugando con la ciencia. ¡y construir el conocimiento! /
_ctextos Alberto Fuentes ; ilustraciones Jorge Mercado
260 _aBuenos Aires, Argentina :
_bLexus,
_c2006.
300 _a328 p. :
_bil.,
_c28 cm.
650 4 _aCIENCIA
_xESTUDIO Y ENSEÑANZA
650 4 _aJUEGOS EDUCATIVOS
700 1 2 _aMercado, Jorge,
_eil.
910 _aValidado. Control de calidad MFF
942 _2ddc
_cBK
945 _aInventariado extranjero / 2017 VM
956 _aBTAVÁREZ
_b10
_c20161609
_d00114010
999 _c11424
_d11424